000 00748nam a2200289Ia 4500
005 20260324114308.0
008 008 260324s9999 xx 000 0 eng d
020 _a9781003095866
037 _aEBOOK
040 _aCRL
040 _beng
040 _cCRL
041 _2eng
041 _aeng
084 _qCRL
100 _aOlga Zayts-Spence; Susan M. Bridges
_91150210
245 0 _aLanguage, Health and Culture
245 0 _bProblematizing the Centers and Peripheries of Healthcare Communication Research
260 _bTaylor and Francis
260 _c2023
365 _a
365 _b230
856 _uhttp://www.taylorfrancis.com/books/9781003095866
942 _cEBOOK
999 _c1740305
_d1740305